| 000 | 00465nam a2200145 i 4500 | ||
|---|---|---|---|
| 001 | 185349 | ||
| 003 | ES-MaACL | ||
| 005 | 20230906222417.0 | ||
| 008 | 160524s1916 sp |||| | spa d | ||
| 110 | 2 |
_aCírculo de Bellas Artes y Ateneo de Bilbao. _9159222 |
|
| 245 | 1 | 0 |
_aReglamento / _cCírculo de Bellas Artes y Ateneo de Bilbao. |
| 260 |
_aBilbao : _b[s.n., _c1916?] ( _fGarmendia y Viciola) |
||
| 300 |
_a34 p. ; _c13 X 16 cm. |
||
| 852 |
_aES-MaACL _j1545-F-10 |
||
| 999 |
_c185349 _d185349 |
||